Statistics for The Simpsons' Characters - 5

Click here to take the quiz!

General Stats

  • This quiz has been taken 33 times
  • The average score is 11 of 20

Answer Stats

Answer% Correct
Crazy Cat Lady / Eleanor Abernathy
88%
Luann Van Houten
76%
Snowball 2
76%
Cecil Terwilliger
72%
Kang and Kodos
72%
Artie Ziff
68%
Gil Gunderson
68%
Sarah Wiggum
68%
Arnie Pye
60%
Sanjay Nahasapeemapetilon
60%
Herman
56%
Lurleen Lumpkin
56%
Ruth Powers
56%
Gerald
52%
Janey
44%
Roger Myers Jr
44%
Ling Bouvier
40%
Martha Quimby
32%
Frankie the Squealer
28%
Lindsey Naegle
28%

Score Distribution

Percentile by Number Answered

Percent of People with Each Score

Your Score History

You have not taken this quiz